=LDR 00000nam 2200000 4500 =001 INLIS000000001052425 =005 20240829095256 =035 ##$$a 0010-0824000243 =007 ta =008 240829################b##########1###### =082 ##$$a 028.55 =084 ##$$a 028.55 PAR d =100 #$$a Park Yeonhwa =245 1#$$a Dongeng /$c Park Yeonhwa =260 ##$$a Tonkeun Book :$b Gyeonggi-do,$c 2010 =300 ##$$a 27 hlm : $b ilus ; $c 22,4 x 27,3 cm =650 #4$$a Bacaan kanak-kanak =990 ##$$a 18131813